|
|
|
|
| LEADER |
00000nam0a2200000 4500 |
| 001 |
70424 |
| 005 |
20231101212519.0 |
| 010 |
|
|
|a 548200063X
|
| 035 |
|
|
|a (RuTPU)RU\TPU\book\74986
|
| 090 |
|
|
|a 70424
|
| 100 |
|
|
|a 20041123d2005 m y0rusy50 ca
|
| 101 |
0 |
|
|a rus
|
| 102 |
|
|
|a RU
|
| 105 |
|
|
|a y j 001zd
|
| 200 |
1 |
|
|a История политических учений
|e учебник
|f А. А. Чанышев
|
| 210 |
|
|
|a Москва
|c Проспект
|d 2005
|
| 215 |
|
|
|a 592 с.
|
| 320 |
|
|
|a Библиогр.: с. 585-591.
|
| 330 |
|
|
|a Учебник написан в соответствии с требованиями государственного образовательного стандарта и охватывает все темы, входящие в программу. В учебнике изложены основные политические и правовые доктрины Античности, Средневековья, Нового и Новейшего времени, показано развитие политико-правовой идеологии в единстве ее мировоззренческих основ, теоретического содержания и программных требований. Учебник направлен на формирование у студентов целостного представления о политике, ее сущности, месте и роли в человеческом обществе, закономерностях ее развития, а также на выработку умения ориентироваться в сложных политических проблемах и формировать собственную мировоззренческую позицию. Для студентов высших учебных заведений и читателей, интересующихся историей политических учений.
|
| 600 |
|
0 |
|a Сократ
|c древнегреческий философ
|f около 470-399 гг. до н.э.
|2 stltpui
|3 (RuTPU)RU\TPU\pers\432
|
| 600 |
|
0 |
|a Цицерон Марк Туллий
|c римский политический деятель
|c оратор
|c писатель
|f 106-43 гг. до н. э.
|2 stltpui
|3 (RuTPU)RU\TPU\pers\628
|
| 600 |
|
0 |
|a Августин Блаженный Аврелий
|c христианский богослов
|f 354-430
|2 stltpui
|3 (RuTPU)RU\TPU\pers\4
|9 3
|
| 600 |
|
0 |
|a Фома Аквинский (Аквинат)
|f 1225/1226-1274
|c христианский богослов
|c философ
|2 stltpui
|3 (RuTPU)RU\TPU\pers\949
|
| 600 |
|
1 |
|a Оккам
|g Уильям
|b У.
|c английский философ-схоласт
|c логик
|f около 1285-1349
|2 stltpui
|3 (RuTPU)RU\TPU\pers\991
|
| 600 |
|
1 |
|a Данте
|g Алигьери
|c итальянский поэт
|f 1265-1321
|b А.
|2 stltpui
|3 (RuTPU)RU\TPU\pers\483
|
| 600 |
|
0 |
|a Марсилий Падуанский
|c итальянский политический мыслитель
|f между 1275 и 1280-около 1343
|2 stltpush
|3 (RuTPU)RU\TPU\pers\12568
|9 3545
|
| 600 |
|
1 |
|a Гус
|b Я.
|c чешский национальный герой
|f 1371-1415
|g Ян
|2 stltpui
|3 (RuTPU)RU\TPU\pers\544
|9 255
|
| 600 |
|
1 |
|a Валла
|b Л.
|c итальянский гуманист
|c историк и философ
|f 1406-1457
|g Лоренцо
|2 stltpush
|3 (RuTPU)RU\TPU\pers\13035
|9 3741
|
| 600 |
|
1 |
|a Макиавелли (Макьявелли)
|b Н.
|c итальянский политический мыслитель
|f 1469-1527
|g Никколо
|c историк
|c писатель
|2 stltpui
|3 (RuTPU)RU\TPU\pers\935
|
| 600 |
|
1 |
|a Гоббс
|g Томас
|b Т.
|c английский философ
|f 1588-1679
|2 stltpui
|3 (RuTPU)RU\TPU\pers\1268
|
| 600 |
|
1 |
|a Спиноза
|g Бенедикт (Барух)
|c нидерландский философ
|f 1632-1677
|b Б.
|2 stltpui
|3 (RuTPU)RU\TPU\pers\434
|
| 600 |
|
1 |
|a Локк
|g Джон
|b Дж.
|c английский философ
|c основатель либерализма
|f 1632-1704
|2 stltpui
|3 (RuTPU)RU\TPU\pers\1272
|
| 600 |
|
1 |
|a Монтескье
|g Шарль Луи
|b Ш. Л.
|c французский просветитель
|c правовед
|c философ
|f 1689-1755
|2 stltpui
|3 (RuTPU)RU\TPU\pers\587
|
| 600 |
|
1 |
|a Руссо
|g Жан Жак
|b Ж. Ж.
|c французский писатель
|c философ
|c сентименталист
|f 1712-1778
|2 stltpui
|3 (RuTPU)RU\TPU\pers\1230
|
| 600 |
|
1 |
|a Кант
|g Иммануил
|b И.
|c родоначальник немецкой классической философии
|f 1724-1804
|2 stltpui
|3 (RuTPU)RU\TPU\pers\208
|
| 600 |
|
1 |
|a Гегель
|g Георг Вильгельм Фридрих
|b Г. В. Ф.
|c немецкий философ
|f 1770-1831
|2 stltpui
|3 (RuTPU)RU\TPU\pers\947
|
| 600 |
|
0 |
|a Николай Кузанский
|c средневековый философ, богослов, церковный и политический деятель, учёный
|f 1401-1464
|c настоящее имя Николай Кребс
|y Германия, Италия
|2 stltpush
|3 (RuTPU)RU\TPU\pers\9650
|
| 610 |
1 |
|
|a право
|
| 610 |
1 |
|
|a государство
|
| 610 |
1 |
|
|a политика
|
| 610 |
1 |
|
|a политические учения
|
| 610 |
1 |
|
|a политическая мысль
|
| 610 |
1 |
|
|a политическая наука
|
| 610 |
1 |
|
|a история
|
| 610 |
1 |
|
|a античность
|
| 610 |
1 |
|
|a средние века
|
| 610 |
1 |
|
|a Возрождение
|
| 610 |
1 |
|
|a Просвещение
|
| 610 |
1 |
|
|a немецкая классическая философия
|
| 610 |
1 |
|
|a теократия
|
| 610 |
1 |
|
|a гражданский порядок
|
| 610 |
1 |
|
|a правовое государство
|
| 610 |
1 |
|
|a учебники
|
| 686 |
|
|
|a Ф1(0)я73
|v LBC/SL-A
|2 rubbk
|
| 700 |
|
1 |
|a Чанышев
|b А. А.
|g Александр Арсеньевич
|
| 712 |
0 |
2 |
|a Московский государственный институт международных отношений (университет) МИД РФ
|2 stltpush
|3 (RuTPU)RU\TPU\col\364
|
| 801 |
|
1 |
|a RU
|b 63413507
|c 20041123
|g PSBO
|
| 801 |
|
2 |
|a RU
|b 63413507
|c 20190607
|g PSBO
|
| 900 |
|
|
|a История политических учений
|
| 942 |
|
|
|c BK
|
| 955 |
|
|
|b 030201
|
| 959 |
|
|
|a 18/20060226
|d 2
|e 116,65
|f ЧЗГЛ:1
|f АНЛ:1
|